000 01171nam a2200241Ia 4500
999 _c37655
_d37655
001 3627
003 GE_BSU
005 20190603153601.0
008 181216s1986|||| |||||||||||||| ||geo||
040 _cGE_BSU
041 _ageo
080 _a621.01(042.4) გ–19
100 _aგამრეკელი, ს.
_91984
245 _aმექანიზმების სინთეზის ზოგადი მეთოდები : ლექციების კონსპექტი /
_cს. გამრეკელი ; ა. გურევიჩი ; თ. კახეთელიძე ; რედ : მ.ძიძიგური.
264 _aთბილისი :
_bსპს,
_c1986.
300 _a40 გვ .:
_bნახაზ.
_c20 სმ.
653 _aმექანიზმების სინთეზი
653 _aმექანიზმების სინთეზის ზოგადი მეთოდები
700 _aგურევიჩი,ა
_91985
700 _aკახეთელიძე,თ
_91986
700 _aძიძიგური, მ
_eრედაქტორი
_9472
942 _cBK
_2udc